00395nam a2200157Ia 45000010006000000050017000060080041000230410008000640820021000721000033000932450058001262600009001843000028001936500008002216540008002292499320260414151120.0260414t2003||||xx |||||||||||||| ||spa|| aESP a346.09bR24 T. 4 aRamos Núñez, CarloseAUT 0aHistoria del derecho civil peruano :bsiglos XIX y XX c2003 a676 páginas :c20 cm. aDER aCDE